000 00804nam a2200253Ia 4500
999 _c54396
_d54396
001 21452
003 GE_BSU
005 20211111144623.0
008 181216s2013||||ru |||||||||||||| ||rus||
020 _a9786177161003
040 _cGE_BSU
080 _a2-1 A-13
100 _aАбд-Ру-Шин
_912900
245 _aВ свете истины :
_bПослание Граля /
_cАбд-Ру-Шин.
264 _aШтудгарт :
_bИзд-во фонда послания Граля,
_c2013.
300 _a1211 стр. ;
_c22 см.
520 _aПаралл. заглавие на англ. языке
541 _h15 Л.
653 _aВ свете истины
653 _aПослание Граля
653 _aРелигия
653 _aრელიგია
942 _cBK
_2udc